000 00637nam a2200169Ia 4500
008 151213s9999 xx 000 0 und d
020 _a984-809-018-5
100 _aগঁহধধিৎ ঐধভরু
245 _aঝুংঃবস অহধষুংরং ধহফ উবংরমহ
_cগঁহধধিৎ ঐধভরু
250 _a১ংঃ
260 _aউযধশধ
_bটহরাবৎংরঃু এৎধহঃ ঈড়সসরংংরড়হ
_c2005
300 _a4627 p.
650 _aBangla
650 _aঈড়সঢ়ঁঃবৎ
700 _aগঁহধধিৎ ঐধভরু
999 _c2979
_d2979